| 000 | 00624nam a2200217 a 4500 | ||
|---|---|---|---|
| 999 |
_c6298 _d6298 |
||
| 001 | 6298 | ||
| 003 | BD-JhCC | ||
| 005 | 20180121102243.0 | ||
| 008 | 180121s1980 bg |||| ||a| 000 0 ben d | ||
| 035 | _a(BD-JhCC)6298 | ||
| 040 |
_aBD-JhCC _dBD-JhCC |
||
| 041 | _aben | ||
| 082 |
_a297.18 _bMOU 1980 |
||
| 100 | _aমওদুদ, আবদুল | ||
| 245 |
_aমুসলিম মনীষা / _cআবদুল মওদুদ |
||
| 260 |
_aঢাকা : _bইসলামিক ফাউন্ডেশন, _c1980. |
||
| 300 |
_a301 p. : _c22 cm. |
||
| 650 | _aMuslim Legend | ||
| 942 |
_2ddc _cBK |
||